LDR 00998naa#a2200169#i#450# 001 RU\\bibl\19488 005 20260516084825.6 100 ## _a20260515b2026####ek#y0rusy0150####ca 102 ## _aRU 200 1# _aОПТИМИЗАЦИЯ ПОДБОРА КОНЦЕНТРАЦИЙ НОВОГО АМИНОКИСЛОТНОГО БИОПРЕПАРАТА ДЛЯ ЛЕСНЫХ ПИТОМНИКОВ МЕТОДОМ ДИХОТОМИИ _eСтатья/тезисы конференции 210 1# _aВоронеж _cВоронежский государственный лесотехнический университет имени Г.Ф. Морозова _d2026 215 ## _a5 с. 608 ## _aСтатья/тезисы конференции _2local 675 ## _aЛесное хозяйство. Лесоводство. 630 _aСельскохозяйственная микробиология. 579.64 _z 700 #1 _aГордиенко _gИ. М. 700 #1 _aБрындина _gЛариса Васильевна 856 4# _abibl.vgltu.ru _u